000 00861nmm a2200313 a 4500
003 AR-BaBNM
005 20251128203932.0
008 011101s1991 ||||||||||||||000 | spa||
020 _a950-6029149-X
040 _cAR-BaBNM
100 1 _aRobert, Jocelyne
245 1 0 _aMi sexualidad
_bde 6 a 9 años
_n2
250 _a1ª ed.
260 _aBuenos Aires
_bNueva Visión
_c1991
300 0 _a64 p.
_bil.
500 0 _aContiene apéndice dedicado a padres y a maestros
650 4 _aEDUCACION SEXUAL
650 4 _aMATERIAS DEL CURRICULO
650 4 _aSEXO
650 4 _aLIBROS PARA NINOS
650 4 _aBIBLIOTECAS INFANTILES
653 0 _aEDUCACION PRIMARIA
653 0 _aEDUCACION PARA LA SALUD
700 0 _aTibo
_eilustrador
700 1 _aBadeau, Denise
_eprologuista
700 1 _aCrespo, Marta
_etraductor
942 _cBK
998 _cHector
999 _c5531
_d5531